000 00855cam a2200289 4500
999 _c8574
_d8574
001 8574
003 BD-JhCC
005 20180227181333.0
008 730302s1973 ilua b 001 0 eng
020 _a025601440X
035 _a(BD-JhCC)8574
040 _aDLC
_cDLC
_dDLC
_dBD-JhCC
041 _aeng
050 0 0 _aHE206
_b.P4 1973
082 0 0 _a380.5/0973
_bPEG 1973
100 1 _aPegrum, Dudley Frank,
_d1898-
245 1 0 _aTransportation: economics and public policy
_c[by] Dudley F. Pegrum.
250 _a3d ed.
260 _aHomewood, Ill.,
_bR. D. Irwin,
_c1973.
300 _axvi, 596 p.
_billus.
_c24 cm.
490 0 _aThe Irwin series in economics
504 _aBibliography: p. 569-579.
650 0 _aTransportation
_xLaw and legislation
_zUnited States.
650 0 _aTransportation
_zUnited States.
942 _2ddc
_cBK